| 000 | 00453nam a2200169Ia 4500 | ||
|---|---|---|---|
| 020 | _a0333733355(pbk) | ||
| 082 |
_a050 _bSTA |
||
| 100 |
_aKeltie, Sir John Scott. _949567 |
||
| 245 | _aThe Statesman's yearbook | ||
| 260 |
_aHoundmills _bMacmillan _c1925 ? |
||
| 300 | _a1531 p.: | ||
| 526 |
_a0 _b0 _c0 _d050_000000000000000_STA |
||
| 650 |
_aMCE _9379 |
||
| 650 |
_aSocial Conditions -- Serials _949568 |
||
| 700 | _aTurner- Barry | ||
| 942 |
_2ddc _cBK |
||
| 999 |
_c552346 _d552346 |
||